000 00774nam a2200229Ia 4500
001 9009
003 GE_BSU
008 181216s||||||||xx |||||||||||||| ||und||
040 _cGE_BSU
080 _a821.353.1–32
100 _aკლდიაშვილი,სერგო
245 _aახალი მოთხრობები
245 _bმოთხრობები
245 _cრედ.გ.ნატროშვილი.მხატვ.ცისია შანშიაშვილი.
260 _aთბილისი
260 _bსაბჭ.მწერალი
260 _c1950
300 _a160გვ.17სმ.
653 _aახალი მოთხრობები
653 _aმოთხრობები
942 _cBK
999 _c42314
_d42314